000 01318nam a22003737a 4500
003 CHAP
005 20220329142815.0
008 040217d2003 mx r 00110 eng d
010 _a88059
011 _a89031
020 _a9291180718
035 _a99580
040 _cCHAP
090 _aFolleto 16722
100 0 0 _aRoseboom, Johannes.
_9100087
245 1 0 _aOptimizing investment in agricultural research, or the quest for prosperity
_c/by Johannes Roseboom
260 _aThe Hague :
_bServicio Internacional para la Investigación Agrícola,
_c2003.
300 _a70 p.
410 2 1 _aServicio Internacional para la Investigación Agrícola
490 0 _aResearch report
_v; 23
590 _aBATCH-UPD
_b10
_c20130110
_lUCH01
_h0628
590 _aBATCH-UPD
_b10
_c20130110
_lUCH01
_h2319
590 _aBATCH-UPD
_b10
_c20130410
_lUCH01
_h0311
590 _aBATCH-UPD
_b10
_c20130914
_lUCH01
_h2001
590 _aBATCH-UPD
_b10
_c20140805
_lUCH01
_h1148
590 _aCONVERSION
_b10
_c20130109
_lUCH01
_h1349
650 1 4 _aAgricultura
_xInvestigación.
_91577
810 0 0 _aServicio Internacional para la Investigación Agrícola
_9105307
830 0 _aResearch report
_v; 23
_996080
901 _aBK
905 _aAlejandra Carrasco M.
942 _cFOLL
949 _aFolleto 16722
_bBC
_cFOLL
_d995801
_eTS1
_i99580
_sb
999 _c88059
_d88059